000 00819nam a2200193 a 4500
008 210222s2004 ||||||||||||||||| || u
020 _a9780130119933
050 _aHV 9104 Vit
100 _aSimonsen, Clifford E
245 1 0 _aJuvenile justice today (Fourth edition)
_cBy Gennaro F. Vito; Clifford E. Simonsen
250 _aFourth edition
260 _aNew Jersey
_bPearson/Prentice Hall
_c2004
300 _axvi, 376 pages : illustrations
650 _aJUVENILE JUSTICE, ADMINISTRATION OF--UNITED STATES
650 _aJUVENILE DELIQUENCY--UNITED STATES
650 _aJUVENILE DELIQUENTS--REHABILITATION--UNITED STATES
700 _aVito, Gennaro F
995 _D32.02
_FCBU-MAIN LIBRARY (Kitwe)
_M1
_UAVAILABLE
_WMar 1, 2021
_ZMain Library Open Access Collection
999 _c48540
_d48540